000 02651 a2200325 4500
001 OB-iheal-1547
003 FrMaCLE
005 20251214082644.0
007 cu ||||||m||||
008 140129e||||||||xx |||||s|||||||||0|fr|d
020 _a978-2-37154-000-2
024 7 _a10.4000/books.iheal.1547
_2doi
040 _aFR-FrMaCLE
041 _afra
100 1 _aBlanquer, Jean-Michel
245 1 4 _aLes défis de l'éducation en Amérique latine /
_cJean-Michel Blanquer, Hélgio Trindade.
260 _aParis :
_bÉditions de l’IHEAL,
_c2014.
300 _a304 p.
500 _aEbook
520 _a Dans le domaine de l'éducation comme dans d'autres domaines, l'Amérique latine connaît de façon accentuée des problèmes qui se posent au monde entier. Le défi est celui du passage d'un système social à un autre, de l'ère industrielle (ou parfois directement de l'ère agricole) à l'ère de la connaissance. La mutation de l'éducation accompagne, et canalise, la mutation des sociétés, laquelle se produit à une échelle et à un degré inédits. Des phénomènes majeurs se produisent : fin des hiérarchies anciennes (où le capital physique et la compétence juridique assuraient la domination), et passage à des sociétés plus ouvertes (au prix souvent d'un certain désordre), où capital financier et matière grise sont les deux mamelles du succès. Alors que la société est plus fluide, les inégalités augmentent. La seule réponse solide qui peut être apportée à ce paradoxe contemporain est un développement de même ampleur de l'éducation, quantitativement et qualitativement. C'est la raison pour laquelle nous avions décidé d'organiser, à la fin du mois de septembre 1999, dans le cadre de « la Cita » de Biarritz, un grand colloque sur « les défis de l'éducation en Amérique latine ». Il nous apparaissait en effet que le moment était venu de donner une impulsion aux études menées en Europe sur ces questions, afin que les expériences menées de part et d'autre de l'Atlantique soient mieux connues et que de cette connaissance puisse surgir une stratégie quant au développement de l'éducation dans un monde et dans des sociétés équilibrés.
540 _aOpenEdition Books License
_uhttps://www.openedition.org/12554
650 4 _aEducation & Educational Research
650 4 _aéducation
650 4 _aéducation comparée
650 4 _aéducation et État
700 1 _aTrindade, Hélgio
760 0 _x2780-4283
776 _z978-2-907163-83-5
856 4 _eBlanquer, Jean-Michel
_uhttps://books.openedition.org/iheal/1547
_yLes défis de l'éducation en Amérique latine
999 _c6528
_d6528